Statistics for FIFA 21 Road to the Final

Click here to take the quiz!

General Stats

  • This quiz has been taken 35 times
  • The average score is 16 of 47

Answer Stats

Base RatingClubPlayer% Correct
91LiverpoolMohamed Salah
100%
92Atletico MadridJan Oblak
94%
88ArsenalPierre-Emerick Aubameyang
69%
89Real MadridEden Hazard
56%
89NapoliKalidou Koulibaly
56%
88Real MadridRaphael Varane
56%
88BarcelonaAntoine Griezmann
50%
86Manchester UnitedMarcus Rashford
50%
84Bayern MunichAlphonso Davies
44%
87NapoliLorenzo Insigne
44%
87Manchester UnitedPaul Pogba
44%
87Bayern MunichDavid Alaba
38%
85AjaxDusan Tadic
38%
87LiverpoolGeorginio Wijnaldum
38%
86JuventusAlex Sandro
31%
85Borussia MonchengladbachDenis Zakaria
31%
84PortoFelipe Anderson
31%
86Real MadridIsco
31%
86Manchester CityJoao Cancelo
31%
87Borussia DortmundJulien Brandt
31%
82Borussia DortmundManuel Akanji
31%
87PSGMauro Icardi
31%
82Tottenham HotspurMoussa Sissoko
31%
86Leicester CityWilfred Ndidi
31%
87GranadaDarwin Machis
25%
85Manchester CityGabriel Jesus
25%
80HoffenheimIhlas Bebou
25%
82AtalantaLuis Muriel
25%
83ChelseaMason Mount
25%
82MarseilleMorgan Sanson
25%
84AjaxQuincy Promes
25%
86BenficaAlex Grimaldo
19%
84AC MilanAnte Rebic
19%
81RomaBruno Peres
19%
81AC MilanFranck Kessie
19%
84Atletico MadridHector Herrera
19%
84Inter MilanIvan Perisic
19%
82SevillaJules Kounde
19%
83PSGJulien Draxler
19%
83RB LeipzigLukas Klostermann
19%
84Bayer LeverkusenMoussa Diaby
19%
85Real SociedadPortu
19%
82LilleRenato Sanches
19%
84Shaktar DonetskTaison
19%
84VillarealTakefusa Kubo
19%
82NiceYoucef Atal
19%
84LazioJoaquin Correa
13%

Score Distribution

Percentile by Number Answered

Percent of People with Each Score

Your Score History

You have not taken this quiz